zpět

Detail výsledku týmu

Tipgames Bar, Bruntál

Datum a čas kvízu

19.5 Celkem bodů Celkový počet nahraných bodů na tomto kvízu bez doplňovacích otázek.
8. Pořadí na kvízu Konečné umístění týmu na tomto kvízu.

Zaznamenané odpovědi

# Otázka Odpověď Body Výsledky
1. Sociální demokraté si na svém... Ondřej Veselý, Michal Šmarda, Jana Maláčová, Tomáš Petříček, Roman Onderka 0.5
2. Hasiči z hesenského Bensheimu... krysu 1
3. Jistá služba internetového úlo... Ulož.to 1
4. Irský oděvní řetězec, populárn... Primark 1
5. Rychlobruslařka Martina Sáblík... v Calgary 0
6. Praha, Plzeň, Pardubice, Příbr... Prachatice 0
7. Francium, rubidium, cesium, dr... lithium (Li) 0
8. Schillerová, Babiš, Kalousek,... Jan Fischer 0
9. Bohdalová, Kubišová, Rettigová... Božena Němcová 0
10. Komedie omylů, Zkrocení zlé že... Veselé paničky windsorské 0